Code-manuel De La Presse: (Record no. 72950)
[ view plain ]
| 000 -LEADER | |
|---|---|
| fixed length control field | 01556nam a2200325 i 4500 |
| 003 - CONTROL NUMBER IDENTIFIER | |
| control field | EG-GICUC |
| 005 - DATE AND TIME OF LATEST TRANSACTION | |
| control field | 20260423090811.0 |
| 008 - FIXED-LENGTH DATA ELEMENTS--GENERAL INFORMATION | |
| fixed length control field | 260423s1885 fr ||||fr|||| 000 0 eng d |
| 040 ## - CATALOGING SOURCE | |
| Original cataloging agency | EG-GiCUC |
| Language of cataloging | fre |
| Transcribing agency | EG-GiCUC |
| Modifying agency | EG-GiCUC |
| Description conventions | Rda |
| 041 0# - LANGUAGE CODE | |
| Language code of text/sound track or separate title | fre |
| 082 04 - DEWEY DECIMAL CLASSIFICATION NUMBER | |
| Edition number | 21 |
| Classification number | 343.425 |
| Item number | FA . C |
| 092 04 - LOCALLY ASSIGNED DEWEY CALL NUMBER (OCLC) | |
| Edition number | 21 |
| 099 ## - LOCAL FREE-TEXT CALL NUMBER (OCLC) | |
| Classification number | Law1 10 343.425 FA . C 4 ed - 1885 |
| 100 1# - MAIN ENTRY--PERSONAL NAME | |
| Personal name | Faivre, Albert |
| Relator term | Auteur |
| 245 10 - TITLE STATEMENT | |
| Title | Code-manuel De La Presse: |
| Remainder of title | Contenant: Le Texte Des Lois Du 29 Juillet 1881 Et Du 4 Août Article Par Article, La Législation Antérieure, Le Résumé De La Discussion AU Parlement, Le Commentaire D'après Les Documents Officiels, La Doctrine Et La Jurisprudence, UN Appendice Comprenant Les Principaux Textes Abrogés Ou Maintenus: Les Circulaires Des Ministres De La Justice Et De L'intérieur; Une Table Alphabétique Et Analytique, |
| Statement of responsibility, etc. | Par Mm. Albert Faivre: Edmond Benoit-lévy :Précédé D'une Lettre-préface Par M. Charles Floquet. |
| 250 ## - EDITION STATEMENT | |
| Edition statement | Quatrième Edition |
| 264 #1 - PRODUCTION, PUBLICATION, DISTRIBUTION, MANUFACTURE, AND COPYRIGHT NOTICE | |
| Place of production, publication, distribution, manufacture | Paris: |
| Name of producer, publisher, distributor, manufacturer | Librairie Cotillon F. Pichon, Successeur, Imprimeur-éditeur, |
| Date of production, publication, distribution, manufacture, or copyright notice | 1885. |
| 300 ## - PHYSICAL DESCRIPTION | |
| Extent | 378 page : |
| Other physical details | illustration ; |
| Dimensions | 24 cm. |
| 336 ## - CONTENT TYPE | |
| Source | rda contenu |
| Content type term | texte |
| 337 ## - MEDIA TYPE | |
| Source | rda medias |
| Media type term | Ordinateur |
| 338 ## - CARRIER TYPE | |
| Source | transporteur rda |
| Carrier type term | Ressource en ligne |
| 546 ## - LANGUAGE NOTE | |
| Language note | Texte en français |
| 650 1# - SUBJECT ADDED ENTRY--TOPICAL TERM | |
| Topical term or geographic name entry element | Droit pénal |
| Source of heading or term | qrmak |
| 651 1# - SUBJECT ADDED ENTRY--GEOGRAPHIC NAME | |
| Source of heading or term | qrmak |
| 700 1# - ADDED ENTRY--PERSONAL NAME | |
| Personal name | Edmond Benoit-lévy |
| Relator term | Auteur |
| 700 1# - ADDED ENTRY--PERSONAL NAME | |
| Personal name | M. Charles Floquet |
| Relator term | Préfacier |
| 856 40 - ELECTRONIC LOCATION AND ACCESS | |
| Uniform Resource Identifier | <a href="https://fll.law.cu.edu.eg/fulltext/bks/B10-11260.pdf">https://fll.law.cu.edu.eg/fulltext/bks/B10-11260.pdf</a> |
| 905 ## - Cataloger and Reviser Names | |
| Cataloger Name: | Esraa Khaled |
| 942 ## - ADDED ENTRY ELEMENTS (KOHA) | |
| Source of classification or shelving scheme | Dewey Decimal Classification |
| Suppress in OPAC | No |
| Koha item type | Books |
| Edition | 21 |
| Withdrawn status | Lost status | Source of classification or shelving scheme | Damaged status | Not for loan | Collection | Home library | Current library | Date acquired | Total checkouts | Full call number | Barcode | Date last seen | Copy number | Price effective from | Koha item type |
|---|---|---|---|---|---|---|---|---|---|---|---|---|---|---|---|
| Dewey Decimal Classification | Not for loan | القانون الجنائي | جــــامعة القــاهرة | مكتبة كلية الحقوق - المبنى الرئيسي | 23.04.2026 | Law1 10 343.425 FA . C 4 ed - 1885 1011260 C1 | B10-11260 | 23.04.2026 | 1 | 23.04.2026 | Books |